[Event "Challenge"]
[Site "http://www.queenalice.com/game.php?id=1014548"]
[Date "2011.12.1"]
[Round "-"]
[White "bumpywater"]
[Black "beejay"]
[Result "1-0"]
[WhiteElo "1752"]
[BlackElo "1623"]

1. e4 e5 2. Nf3 Nc6 3. Bc4 d6 4. d3 Be6 5. Bg5 f6 6. Bxe6 fxg5 7. Nxg5 Qxg5 8.
O-O Nf6 9. Nc3 Nd4 10. Bh3 c6 11. a3 d5 12. b4 Bd6 13. Ne2 dxe4 14. Nxd4 exd4
15. dxe4 Qe5 16. Re1 Qxh2+ 17. Kf1 O-O 18. Be6+ Kh8 19. c3 Qh1+ 20. Ke2 Qh5+ 21.
f3 Nxe4 22. Qxd4 Ng3+ 23. Kd1 Rad8 24. Kc2 Qb5 25. Bb3 c5 26. Qc4 Qd7 27. Kb2 b5
28. Qh4 Nf5 29. Qh3 Bf4 30. Rad1 Qc8 31. Bc2 cxb4 32. axb4 Ne3 33. Qxh7# 1-0

[Event "Challenge"]
[Site "http://www.queenalice.com/game.php?id=1016353"]
[Date "2011.12.6"]
[Round "-"]
[White "beejay"]
[Black "bumpywater"]
[Result "0-1"]
[WhiteElo "1612"]
[BlackElo "1763"]

1. e4 e5 2. Nf3 Nc6 3. Bc4 h6 4. O-O Nf6 5. d3 d5 6. exd5 Nxd5 7. d4 Bg4 8. Re1
Bd6 9. Bxd5 O-O 10. Bxc6 bxc6 11. dxe5 Bb4 12. Re4 Qxd1+ 13. Ne1 Bf5 14. Nc3
Bxc3 15. Re3 Bd4 16. b3 Bxe3 17. Bb2 Qe2 18. Kh1 Qxf2 19. Nf3 Be4 20. e6 fxe6
0-1

[Event "Challenge"]
[Site "http://www.queenalice.com/game.php?id=1018235"]
[Date "2012.1.29"]
[Round "-"]
[White "bumpywater"]
[Black "beejay"]
[Result "1-0"]
[WhiteElo "1773"]
[BlackElo "1602"]

1. e4 e5 2. Nf3 Nc6 3. Bb5 d5 4. Bxc6+ bxc6 5. Nxe5 dxe4 6. Nc3 Bd6 7. Nc4 Nf6
8. d3 Ba6 9. Bg5 Be7 10. Ne5 Qd6 11. Bxf6 Bxf6 12. Nc4 Bxc4 13. dxc4 Qc5 14.
Nxe4 Qe5 15. Qe2 O-O 16. O-O Qxb2 17. Nxf6+ Qxf6 18. Rad1 h6 19. h3 Rfe8 20. Qg4
Re5 21. Rd3 Rae8 22. Qd1 Re2 23. Rd2 R2e4 24. c5 Qg5 25. Rd7 Rh4 26. Qf3 Rf4 27.
Qd3 Qxc5 28. Qg3 Rfe4 29. Qd3 Qg5 30. Qf3 Rh4 31. Qxf7+ Kh7 32. Qxe8 Rxh3 33.
Qe4+ Kh8 34. Rfd1 Kg8 35. Rd8+ Kf7 36. R1d7+ Kf6 37. Rf8# 1-0

[Event "Challenge"]
[Site "http://www.queenalice.com/game.php?id=1023918"]
[Date "2012.2.1"]
[Round "-"]
[White "beejay"]
[Black "bumpywater"]
[Result "0-1"]
[WhiteElo "1593"]
[BlackElo "1766"]

1. e4 e5 2. Nf3 Nc6 3. Bc4 Qe7 4. O-O h6 5. b3 Qf6 6. c3 Bc5 7. d4 exd4 8. e5
Qf5 9. cxd4 Bb6 10. Re1 Nge7 11. Nh4 Qh7 12. Qf3 O-O 13. Bd3 Qh8 14. Ba3 Bxd4
15. Bc4 Bxa1 16. Bb5 Re8 17. Bc4 Rf8 18. b4 a6 19. Nd2 Bxe5 20. Ne4 d5 21. Bxd5
Nxd5 22. b5 Ncb4 23. Qb3 c6 24. Bxb4 Nxb4 25. Qxb4 axb5 26. Qb3 Be6 27. Qf3 Ra4
28. Nf5 Bxf5 29. Qxf5 Re8 30. f4 Bd4+ 31. Kh1 Qh7 32. Nf6+ gxf6 33. Rxe8+ Kg7
34. Qg4+ Qg6 35. Qd1 f5 36. Qb3 Rc4 37. Qa3 Bc5 38. Qb2+ Qf6 39. Re5 Bd4 0-1

[Event "Challenge"]
[Site "http://www.queenalice.com/game.php?id=1026289"]
[Date "2012.2.4"]
[Round "-"]
[White "bumpywater"]
[Black "beejay"]
[Result "0-1"]
[WhiteElo "1777"]
[BlackElo "1584"]

1. e4 e5 2. Nf3 Nc6 3. Nc3 Nf6 4. Bc4 Qe7 5. a3 g6 6. Ng5 Nd8 7. d3 Bg7 8. Nd5
Nxd5 9. Bxd5 O-O 10. O-O c6 11. Bc4 b5 12. Bb3 Ne6 13. Nxe6 fxe6 14. h3 d5 15.
Qg4 c5 16. exd5 Kh8 17. Bg5 Bf6 18. Bxf6+ Rxf6 19. dxe6 c4 20. dxc4 Bxe6 21. Qe4
Raf8 22. cxb5 Bd7 23. Rad1 Bxb5 24. Bc4 Rf4 25. Qe3 Rxc4 26. Qd3 Rc5 27. Qb3
Bxf1 28. Kxf1 Qg5 29. Qe3 Qh5 30. Rd7 Rxc2 31. Qb3 Rfxf2+ 0-1

[Event "Challenge"]
[Site "http://www.queenalice.com/game.php?id=1027251"]
[Date "2012.2.7"]
[Round "-"]
[White "beejay"]
[Black "bumpywater"]
[Result "0-1"]
[WhiteElo "1608"]
[BlackElo "1753"]

1. e4 e5 2. Nf3 Nc6 3. b3 a6 4. Bb2 Bb4 5. a3 Ba5 6. Bxe5 Nxe5 7. Nxe5 d6 8. Ng4
Bxg4 9. Qxg4 g6 10. Bc4 Nf6 11. Qf3 Qe7 12. O-O O-O 13. b4 Bb6 14. Re1 Nd7 15.
Nc3 c6 16. d4 Bxd4 17. Rad1 Ne5 18. Qe2 Bxc3 19. Rf1 Qf6 20. f4 Nd7 21. Rd3 Bd4+
22. Kh1 b5 23. Bb3 c5 24. c3 c4 25. Rxd4 cxb3 26. e5 Nxe5 27. fxe5 Qxe5 28. Qd2
Rad8 29. Rh4 Qg7 30. Re1 d5 31. Re7 Rd6 32. Qg5 Rf6 33. Rf4 Rxf4 34. Qxf4 Qxc3
35. Qf1 b2 36. Re3 Qc5 37. Re7 Qc3 38. Re2 d4 39. Qd1 d3 40. Rd2 Rd8 41. Qb1
Qxd2 0-1

[Event "Challenge"]
[Site "http://www.queenalice.com/game.php?id=1028383"]
[Date "2012.2.10"]
[Round "-"]
[White "bumpywater"]
[Black "beejay"]
[Result "1-0"]
[WhiteElo "1763"]
[BlackElo "1598"]

1. d4 Nf6 2. Bg5 Ne4 3. Be3 e6 4. Nd2 f5 5. f3 Nd6 6. f4 Nc6 7. g3 b6 8. Bg2 Bb7
9. d5 Nb4 10. a3 Nxd5 11. Bxd5 Bxd5 12. Ngf3 Qf6 13. Bd4 Qh6 14. e3 Ne4 15. Nxe4
Bxe4 16. Rf1 Bc5 17. Bxc5 bxc5 18. Ne5 d6 19. Nf3 g5 20. fxg5 Qg7 21. c3 h6 22.
h4 hxg5 23. Nxg5 Bd5 24. Rg1 Rb8 25. Qd2 Bc4 26. O-O-O O-O 27. e4 d5 28. Nxe6
Qf7 29. Qg5+ Kh8 30. Nxf8 Rxf8 31. exf5 Qh7 32. f6 Rf7 33. Rd2 Ba2 34. Rc2 Bb3
35. Rgg2 Rf8 36. Rgf2 Rg8 37. Qe5 Qf7 38. Qe7 Qg6 39. f7 Qxg3 40. f8=Q Qg1+ 41.
Kd2 Qg6 42. Qe5+ Kh7 43. Rf7+ Rg7 44. Rxg7+ 1-0

[Event "Challenge"]
[Site "http://www.queenalice.com/game.php?id=1031663"]
[Date "2012.2.20"]
[Round "-"]
[White "beejay"]
[Black "bumpywater"]
[Result "1-0"]
[WhiteElo "1589"]
[BlackElo "1772"]

1. e4 e5 2. Nf3 Nc6 3. Bc4 Qf6 4. O-O Bc5 5. c3 d6 6. b4 Bb6 7. Qb3 Be6 8. d3 h6
9. Be3 Bxc4 10. dxc4 Bxe3 11. fxe3 a6 12. b5 Na5 13. Qa4 b6 14. bxa6+ c6 15. Nd4
Qd8 16. Nxc6 Nxc6 17. Qxc6+ Ke7 18. Qb7+ 1-0

[Event "Challenge"]
[Site "http://www.queenalice.com/game.php?id=1032068"]
[Date "2012.2.22"]
[Round "-"]
[White "bumpywater"]
[Black "beejay"]
[Result "1-0"]
[WhiteElo "1749"]
[BlackElo "1612"]

1. e4 e5 2. d4 d6 3. d5 Nf6 4. Nc3 g6 5. h3 Bg7 6. Bg5 O-O 7. Nf3 h6 8. Bh4 c6
9. Bc4 b5 10. Bb3 a5 11. a4 b4 12. Ne2 g5 13. Nxg5 Nxe4 14. Nxe4 Qxh4 15. N4g3
c5 16. c4 f5 17. Bc2 f4 18. Ne4 f3 19. gxf3 Rxf3 20. N2g3 Bg4 21. Qe2 Rf4 22.
hxg4 Qxg4 23. Qxg4 Rxg4 24. O-O-O b3 25. Bxb3 Rxe4 26. Nxe4 Ra6 27. Rhg1 Rb6 28.
Bc2 Na6 29. Rg6 Nb4 30. Rxd6 Rb8 31. Rg1 Kh8 32. Nxc5 e4 33. Rdg6 Na2+ 34. Kd1
Bd4 35. Rxh6# 1-0

[Event "Challenge"]
[Site "http://www.queenalice.com/game.php?id=1032071"]
[Date "2012.2.22"]
[Round "-"]
[White "beejay"]
[Black "bumpywater"]
[Result "1-0"]
[WhiteElo "1601"]
[BlackElo "1789"]

1. e4 e5 2. Nf3 Nc6 3. Bc4 Qf6 4. d3 h6 5. Be3 Bb4+ 6. c3 Ba5 7. b4 Bb6 8. Qb3
d6 9. a4 a6 10. a5 Bxe3 11. fxe3 Nge7 12. O-O Be6 13. Nfd2 Bxc4 14. Qxc4 Qg6 15.
Rf3 O-O 16. d4 exd4 17. exd4 Qh5 18. Rh3 Qd1+ 19. Nf1 Qg4 20. Nbd2 Qg5 21. Ra2
d5 22. exd5 Nxd5 23. Nf3 Ne3 24. Qe2 Nxd4 25. Nxd4 Nxf1 26. Qxf1 Rad8 27. Rf2
Qg6 28. Rg3 Qh7 29. Nf5 g6 30. Ne7+ Kg7 31. Qc1 Rd7 32. Nf5+ Kh8 33. Nxh6 b6 34.
Rh3 1-0

[Event "Challenge"]
[Site "http://www.queenalice.com/game.php?id=1036454"]
[Date "2012.3.6"]
[Round "-"]
[White "bumpywater"]
[Black "beejay"]
[Result "1-0"]
[WhiteElo "1813"]
[BlackElo "1625"]

1. d4 f5 2. Nf3 f4 3. Bxf4 e6 4. Nc3 Bb4 5. Qd2 d5 6. a3 Bxc3 7. Qxc3 c6 8. Bxb8
Rxb8 9. e3 Nf6 10. h3 O-O 11. Ne5 Ne4 12. Qb3 Qh4 13. O-O-O Qxf2 14. Ng4 Qg3 15.
Ne5 Nf2 16. Rg1 Nxh3 17. gxh3 Qxg1 18. Re1 Rxf1 19. Rxf1 Qxf1+ 20. Kd2 b5 21.
Nxc6 b4 22. Nxb8 Ba6 23. Nxa6 Qf2+ 24. Kd3 Qf1+ 25. Kd2 Qxa6 26. Qxb4 Kf7 27.
Qb8 Kf6 28. Qf4+ Kg6 29. Qg4+ Kf7 30. Qh5+ Ke7 31. Qxh7 Kd6 32. Qxg7 Qa5+ 33. c3
Qb5 34. Qe5+ Kc6 35. Qxe6+ Kb7 36. Qe7+ Ka6 37. Qd6+ Ka5 38. Qb4+ Ka6 39. Qxb5+
Kxb5 40. h4 1-0

[Event "Challenge"]
[Site "http://www.queenalice.com/game.php?id=1039834"]
[Date "2012.3.17"]
[Round "-"]
[White "beejay"]
[Black "bumpywater"]
[Result "1/2-1/2"]
[WhiteElo "1617"]
[BlackElo "1821"]

1. e4 e5 2. Nf3 Nc6 3. Bc4 Qf6 4. O-O h6 5. c3 Bc5 6. b4 Bb6 7. b5 Na5 8. d3 d6
9. Be3 Nxc4 10. dxc4 Qg6 11. g3 Bh3 12. Re1 Bg4 13. Nbd2 Bxf3 14. Nxf3 Qxe4 15.
Bxb6 Qxc4 16. Nxe5 Qxb5 17. Ng6+ Ne7 18. Bxc7 fxg6 19. Qxd6 O-O 20. Rxe7 Qb2 21.
Qxg6 Qxf2+ 22. Kh1 Qf3+ 23. Kg1 Qf2+ 24. Kh1 1/2-1/2

[Event "Challenge"]
[Site "http://www.queenalice.com/game.php?id=1040226"]
[Date "2012.3.18"]
[Round "-"]
[White "bumpywater"]
[Black "beejay"]
[Result "0-1"]
[WhiteElo "1813"]
[BlackElo "1625"]

1. d4 Nf6 2. Bg5 h6 3. Bh4 g5 4. Bg3 Bg7 5. Nc3 d6 6. e4 c6 7. h3 Qa5 8. e5 Ne4
9. Ne2 dxe5 10. Bxe5 Bxe5 11. dxe5 Nxc3 12. Nxc3 Qxe5+ 13. Be2 h5 14. Qd2 Be6
15. O-O-O Nd7 16. g4 O-O-O 17. gxh5 Nc5 18. Qe1 f6 19. Rxd8+ Rxd8 20. Bg4 Qf4+
21. Qe3 Qc4 22. Bxe6+ Nxe6 23. b3 Qf4 24. Qxf4 Nxf4 25. h4 g4 26. h6 Rh8 27. Ne4
Rxh6 28. Nc5 Ne2+ 29. Kb2 g3 30. fxg3 Nxg3 31. Rh3 Nf5 32. h5 Ng7 33. a4 Rxh5
34. Rxh5 Nxh5 35. Kc3 Kc7 36. Kd3 b6 37. Ne6+ Kd6 38. Nd4 e5 39. Nf5+ Kc5 40.
Ne7 Nf4+ 41. Kd2 e4 42. Ke3 Nd5+ 43. Nxd5 Kxd5 44. c3 f5 45. Kf4 c5 46. Ke3 Ke5
47. b4 f4+ 48. Kf2 cxb4 49. cxb4 Kd4 0-1

[Event "Challenge"]
[Site "http://www.queenalice.com/game.php?id=1042330"]
[Date "2012.3.24"]
[Round "-"]
[White "beejay"]
[Black "bumpywater"]
[Result "1-0"]
[WhiteElo "1649"]
[BlackElo "1789"]

1. e4 e5 2. Nf3 Nc6 3. Bc4 Qf6 4. O-O Bc5 5. b3 d6 6. Bb2 Bg4 7. d4 exd4 8.
Bxf7+ Qxf7 9. c3 O-O-O 10. b4 dxc3 11. Bxc3 Bxb4 12. a3 Bxc3 13. Nxc3 Bxf3 14.
gxf3 Nf6 15. Rb1 b6 16. Qa4 Qd7 17. Rfc1 Ne5 18. Qxa7 Nxf3+ 19. Kf1 Qh3+ 20. Ke2
Nd4+ 21. Ke1 Qf3 22. Rb2 Nxe4 23. Qa8+ Kd7 24. Qa4+ Nc6 25. Nxe4 Rde8 26. Qxc6+
Ke7 27. Re2 Kf8 28. Qxc7 Rxe4 29. Qxd6+ Kf7 30. Rc7+ 1-0

[Event "Challenge"]
[Site "http://www.queenalice.com/game.php?id=1042453"]
[Date "2012.3.25"]
[Round "-"]
[White "bumpywater"]
[Black "beejay"]
[Result "1-0"]
[WhiteElo "1767"]
[BlackElo "1671"]

1. e4 e5 2. Nf3 Nc6 3. Bc4 Nf6 4. Ng5 d5 5. exd5 Nxd5 6. d3 Qxg5 7. Bxg5 Nb6 8.
Nc3 f6 9. Bh4 Bb4 10. h3 Nd4 11. a3 Bd6 12. Bb5+ c6 13. Bc4 Nf5 14. Bg3 Nd4 15.
O-O Bf5 16. Qh5+ Bg6 17. Qg4 Bf5 18. Qh4 O-O-O 19. Ne4 Nxc2 20. Nxd6+ Rxd6 21.
Rac1 Nd4 22. b4 Ne2+ 23. Kh1 e4 24. Bxd6 exd3 25. Bxd3 Bxd3 26. Qg4+ Nd7 27.
Rce1 Re8 28. Kh2 g6 29. Rxe2 Bxe2 30. Qd4 Bxf1 31. Qxa7 Ne5 32. Qb8+ Kd7 33.
Qc7+ Ke6 34. Bxe5 Kf5 35. Qd7+ 1-0

[Event "Challenge"]
[Site "http://www.queenalice.com/game.php?id=1043364"]
[Date "2012.3.27"]
[Round "-"]
[White "beejay"]
[Black "bumpywater"]
[Result "1-0"]
[WhiteElo "1648"]
[BlackElo "1783"]

1. e4 e5 2. Nf3 Nc6 3. Bc4 Qf6 4. b3 Bb4 5. a3 Ba5 6. Bb2 d6 7. Bd5 Bd7 8. c3
Nge7 9. Bc4 Be6 10. Bb5 a6 11. Bxc6+ Nxc6 12. b4 Bb6 13. Qa4 O-O 14. O-O h6 15.
d3 d5 16. Nbd2 d4 17. c4 Bd7 18. c5 Ba7 19. b5 axb5 20. Qxb5 Rab8 21. Nc4 Qe7
22. Rfc1 Bxc5 23. a4 Nb4 24. Qa5 b6 25. Qa7 Ra8 26. Qxc7 Nxd3 27. Nfxe5 Rfd8 28.
Nc6 Bxc6 29. Qxe7 Bxe7 30. Rc2 Nxb2 31. Nxb6 Bxa4 32. Rxb2 Bc6 33. Nxa8 Bxa8 34.
Rba2 Bxe4 35. Ra4 Bc2 36. Rc4 Bb3 37. Rc7 Bd6 38. Rb7 Bd5 39. Rbb1 Be4 40. Re1
Bc6 41. Ra6 Bb5 42. Rb6 Bd3 43. Rd1 Bc5 44. Rc6 Be2 45. Rd2 d3 46. Rxc5 1-0

[Event "Challenge"]
[Site "http://www.queenalice.com/game.php?id=1050836"]
[Date "2012.4.20"]
[Round "-"]
[White "bumpywater"]
[Black "beejay"]
[Result "1-0"]
[WhiteElo "1772"]
[BlackElo "1659"]

1. d4 f5 2. Nf3 Nc6 3. Bf4 e6 4. Nc3 Bd6 5. Bg5 Nf6 6. e3 h6 7. Bxf6 Qxf6 8. Bb5
g5 9. h3 Nb4 10. a3 Nd5 11. Nxd5 exd5 12. Qd3 g4 13. hxg4 f4 14. e4 dxe4 15.
Qxe4+ Kd8 16. O-O-O Re8 17. Qd3 c6 18. Bc4 b6 19. Kb1 b5 20. Ba2 Ba6 21. Qb3 c5
22. Qf7 Qh8 23. Rhe1 Rf8 24. Qd5 Kc7 25. dxc5 Be7 26. Qxd7+ Kb8 27. Rxe7 Rc8 28.
Qd6+ 1-0

[Event "Challenge"]
[Site "http://www.queenalice.com/game.php?id=1059194"]
[Date "2012.5.13"]
[Round "-"]
[White "bumpywater"]
[Black "beejay"]
[Result "0-1"]
[WhiteElo "1743"]
[BlackElo "1669"]

1. e4 e5 2. Nf3 Nc6 3. Bc4 d6 4. d3 Bg4 5. h3 Bxf3 6. Qxf3 Nf6 7. Bg5 Be7 8. Nc3
O-O 9. Nd5 Nd4 10. Qd1 Nxd5 11. Bxe7 Nxe7 12. c3 Ndc6 13. O-O Ng6 14. d4 exd4
15. cxd4 Qd7 16. d5 Nce5 17. Qe2 Nf4 18. Qd2 Nxh3+ 19. gxh3 Nf3+ 0-1

[Event "Challenge"]
[Site "http://www.queenalice.com/game.php?id=1069564"]
[Date "2012.6.8"]
[Round "-"]
[White "bumpywater"]
[Black "beejay"]
[Result "1-0"]
[WhiteElo "1767"]
[BlackElo "1688"]

1. d4 Nf6 2. Nc3 d6 3. h3 Bf5 4. Nf3 g6 5. Bg5 Ne4 6. Nxe4 Bxe4 7. e3 f6 8. Bh4
g5 9. Bg3 Nc6 10. Bb5 Qd7 11. d5 a6 12. dxc6 bxc6 13. Ba4 Bxf3 14. Qxf3 Bg7 15.
Bxc6 1-0

[Event "Challenge"]
[Site "http://www.queenalice.com/game.php?id=1081046"]
[Date "2012.7.9"]
[Round "-"]
[White "beejay"]
[Black "bumpywater"]
[Result "0-1"]
[WhiteElo "1675"]
[BlackElo "1763"]

1. e4 e5 2. Qf3 Nf6 3. Bc4 Bb4 4. Bxf7+ Kxf7 5. Qb3+ Ke8 6. Qxb4 Nc6 7. Qc4 d5
8. exd5 Nxd5 9. d3 Be6 10. Qe4 Rf8 11. Nf3 Bf5 12. Qa4 h6 13. c4 Nb6 14. Qb3
Bxd3 15. c5 Nc4 16. Nc3 Rb8 17. Be3 N4a5 18. Qa4 Kf7 19. O-O-O a6 20. Rxd3 Qxd3
21. Nxe5+ Nxe5 22. Qf4+ Ke6 23. Rd1 Rxf4 24. Rxd3 Nxd3+ 25. Kd2 Rd8 26. Bd4
Rfxd4 0-1

[Event "Challenge"]
[Site "http://www.queenalice.com/game.php?id=1087193"]
[Date "2012.7.26"]
[Round "-"]
[White "bumpywater"]
[Black "beejay"]
[Result "1-0"]
[WhiteElo "1796"]
[BlackElo "1663"]

1. e4 e5 2. Nf3 Nc6 3. Bc4 d6 4. d3 Be6 5. Bxe6 fxe6 6. Bg5 Be7 7. Qd2 h6 8. Be3
d5 9. exd5 Qxd5 10. Nc3 Qd6 11. a3 O-O-O 12. Ne4 Qd7 13. O-O g5 14. h3 Nf6 15.
Nxf6 Bxf6 16. Rab1 g4 17. hxg4 h5 18. g5 Be7 19. b4 b5 20. c4 bxc4 21. dxc4 e4
22. Qxd7+ Rxd7 23. Nd2 Rg8 24. Nxe4 Ne5 25. c5 Nc4 26. a4 Rd3 27. Rfe1 h4 28. b5
h3 29. gxh3 Ne5 30. Red1 Nf3+ 31. Kf1 Ra3 32. b6 axb6 33. cxb6 c6 34. b7+ Kb8
35. Bf4+ 1-0

[Event "Challenge"]
[Site "http://www.queenalice.com/game.php?id=1099369"]
[Date "2012.9.3"]
[Round "-"]
[White "beejay"]
[Black "bumpywater"]
[Result "0-1"]
[WhiteElo "1652"]
[BlackElo "1801"]

1. e4 e5 2. d4 exd4 3. Qxd4 d6 4. Bc4 Qe7 5. Nc3 Nc6 6. Qd2 Nf6 7. f3 a6 8. Nd5
Be6 9. Nf4 Bxc4 10. b3 Nxe4 11. Qe3 f5 12. Bb2 Qh4+ 13. g3 Qe7 14. bxc4 Nf6 15.
Ne6 Rc8 16. O-O-O Ne5 17. Bxe5 Qxe6 18. Bf4 Qxe3+ 19. Bxe3 Be7 20. Nh3 O-O 21.
Ng5 h6 22. Ne6 Rfe8 23. Nd4 Nh5 24. Nxf5 Bf6 25. g4 g6 26. Nxh6+ Kh7 27. Bd2 Ng7
28. h4 Ne6 29. g5 Bg7 30. Ng4 Nd4 31. h5 gxh5 32. Rxh5+ Kg6 33. Rh4 Nxf3 34. Rh3
Nxd2 35. Rxd2 Re1+ 36. Rd1 Rxd1+ 37. Kxd1 Kxg5 38. Ne3 Bd4 39. c3 Bxc3 40. Nd5
Ba5 41. Ke2 Re8+ 42. Kf3 Rf8+ 43. Ke4 c6 44. Ne7 Rf4+ 45. Kd3 Bd8 46. Ng8 Kg4
47. Ke3 Bb6+ 48. Ke2 Kxh3 49. Nh6 Rf2+ 50. Ke1 Rxa2 51. Nf5 d5 52. cxd5 cxd5 0-1

[Event "Challenge"]
[Site "http://www.queenalice.com/game.php?id=1108558"]
[Date "2012.10.2"]
[Round "-"]
[White "bumpywater"]
[Black "beejay"]
[Result "0-1"]
[WhiteElo "1798"]
[BlackElo "1642"]

1. e4 e5 2. Nf3 Nc6 3. Bc4 d6 4. h3 Qf6 5. d3 Be6 6. Bg5 Qg6 7. Bxe6 Qxe6 8. O-O
h6 9. Bh4 g5 10. Bg3 O-O-O 11. d4 Nf6 12. d5 Qd7 13. dxc6 Qxc6 14. Nc3 Nxe4 15.
Nxe4 Qxe4 16. Re1 Qg6 17. c4 h5 18. Bh2 g4 19. hxg4 hxg4 20. Nd2 Qh6 21. Nf1 g3
22. fxg3 d5 23. cxd5 Bc5+ 24. Kh1 Rh7 25. Re4 Rdh8 26. Rh4 Qf6 27. Rxh7 Rxh7 28.
Rc1 Qf2 29. Rc4 Qg1# 0-1